000 00619nam a2200277Ia 4500
005 20260324132310.0
008 008 260324s9999 xx 000 0 eng d
020 _a9781843926788
037 _aEBOOK
040 _aCRL
040 _beng
040 _cCRL
041 _2eng
041 _aeng
084 _qCRL
100 _aSimon Hallsworth
_91188757
245 0 _aStreet Crime
260 _bTaylor and Francis
260 _c2005
365 _a
365 _b56.99
856 _uhttp://www.taylorfrancis.com/books/9781843926788
942 _cEBOOK
999 _c1786752
_d1786752